Arbitros Argentinos #2 - Estadísticas

Estadísticas generales
  • Esta prueba ha sido intentada 6 veces
  • La puntuación promedio es 6 de 16
Estadísticas de respuestas
Imagen Respuesta % Correcto
Diego Ceballos
80%
Ariel Penel
60%
Gabriel Brazenas
60%
Jorge Baliño
40%
Lucas Comesaña
40%
Luis Lobo Medina
40%
Pablo Dóvalo
40%
Pablo Echavarría
40%
Hector Paletta
20%
Juan Bava
20%
Juan Pablo Pompei
20%
Luis Oliveto
20%
Mauro Vigliano
20%
Nazareno Arasa
20%
Sebastián Zunino
20%
Silvio Trucco
20%
No se encontraron pruebas coincidentes
Distribución de puntuación
Porcentaje de gente con cada puntuación
Porcentaje por número respondido
Historial de tus puntuaciones
No has intentado esta prueba.